kku e-library facility

The New Political Conscience for the church (Record no. 96)

MARC details
000 -LEADER
fixed length control field 00478nam a22001457a 4500
005 - DATE AND TIME OF LATEST TRANSACTION
control field 20251203104142.0
008 - FIXED-LENGTH DATA ELEMENTS--GENERAL INFORMATION
fixed length control field 251203b |||||||| |||| 00| 0 eng d
020 ## - INTERNATIONAL STANDARD BOOK NUMBER
International Standard Book Number 9789787947623
100 ## - MAIN ENTRY--PERSONAL NAME
Personal name Pandang Yamsat and Daniel Cirman.
Dates associated with a name 2022
245 ## - TITLE STATEMENT
Title The New Political Conscience for the church
Statement of responsibility, etc. yamsat pandang and Daniel Cirman
260 ## - PUBLICATION, DISTRIBUTION, ETC.
Place of publication, distribution, etc. jos;
Name of publisher, distributor, etc. Hallel and partners publishing group
Date of publication, distribution, etc. Nov.2022
300 ## - PHYSICAL DESCRIPTION
Extent viii;157.
Dimensions 23cm
942 ## - ADDED ENTRY ELEMENTS (KOHA)
Source of classification or shelving scheme Dewey Decimal Classification
Koha item type Books
Suppress in OPAC No
949 ## - LOCAL PROCESSING INFORMATION (OCLC)
Book Location e.g (KKU Library Services) kku library services.

No items available.

©2025 All rights reserved. KKU